Mieszko II Lambert - Statystyki

Ogólne statystyki
  • Ten quiz został rozwiązany 60 razy
  • Średni wynik to 5 z 5
Statystyki odpowiedzi
Hint Odpowiedź % Poprawnych
Objęcie władzy, oraz koronacja Mieszka II Lamberta 1025
98%
Śmierć Mieszka II Lamberta 1034
98%
Koniec rządów Bezpryma, powrót do kraju Mieszka II Lamberta 1032
96%
Przejęcie rządów przez Bezpryma 1031
94%
Narodziny Kazimierza Odnowiciela 1016
72%
Nie znaleziono quizów pasujących do podanych kryteriów
Rozkład punktacji
Procent ludzi z każdym wynikiem
Percentyl według liczby udzielonych odpowiedzi
Twoja historia wyników
Nie rozwiązałeś tego quizu